000 00334nam a22001457a 4500
003 OSt
008 250529b |||||||| |||| 00| 0 eng d
100 _aUPADAAYE, Pandit Ganga Parsadh
245 _aAastikwaad
250 _a1st
260 _aNew Delhi
_bArya Prakashan
_c2008
300 _a336
650 _aGeneral
942 _2ddc
_cBK
999 _c13611
_d13611